| 000 | 00626nam a22001937a 4500 | ||
|---|---|---|---|
| 999 |
_c178282 _d178282 |
||
| 005 | 20210324125632.0 | ||
| 010 | _aENG-129281 | ||
| 020 |
_a978-93-89991-58-1 _c625.00 |
||
| 035 | _aEN-112813 | ||
| 037 | _bDBAD/PUB | ||
| 082 | _a341 | ||
| 100 | _aAhuja, V.K. | ||
| 245 |
_aPUBLIC INTERNATIONAL LAW/ _cV.K. AHUJA |
||
| 260 |
_bLexisNexis _aGURGAON _c2021 |
||
| 270 |
_a14th floor, Building No 10 , Tower - B, DLF Cyber City, Phase -II _bGURGAON _e122002 _mhelp.in@lexisnexis.com _k+91 1244774444 _l+91 1244774100 |
||
| 300 |
_a434p. _c24cm(hbk) |
||
| 700 | _aDas, Tapas | ||
| 942 |
_2ddc _cEN _h341 _mAHU _e2ND |
||